Amma : (Record no. 147343)

MARC details
000 -LEADER
fixed length control field 00594nam a22001817a 4500
005 - DATE AND TIME OF LATEST TRANSACTION
control field 20171114103324.0
010 ## - LCCN (DPL NO)
LC control number ENG-121316
020 ## - INTERNATIONAL STANDARD BOOK NUMBER
International Standard Book Number 9788192013701
Terms of availability 100.00
035 ## - SYSTEM CONTROL NUMBER
System control number EN-104848
037 ## - SOURCE OF ACQUISITION
Source of stock number/acquisition DBAD/PUB
082 ## - DEWEY DECIMAL CLASSIFICATION NUMBER
Classification number 921
100 ## - MAIN ENTRY--PERSONAL NAME
Personal name Puri, Amritaswarupananda
245 ## - TITLE STATEMENT
Title Amma :
Statement of responsibility, etc by Swami Amritaswarupananda Puri
Remainder of title Mata Amritanandamayi Devi - a biography /
260 ## - PUBLICATION, DISTRIBUTION, ETC. (IMPRINT)
Place of publication, distribution, etc Kerala
Name of publisher, distributor, etc Amrita Books
Date of publication, distribution, etc 2010
270 ## - ADDRESS
Address Amrita Enterprises Private Limited, Amritapuri ,,Kollam,
City Kerala
Postal code 690525
300 ## - PHYSICAL DESCRIPTION
Extent 269 p. :
Dimensions 22 cm (Pbk)
Other physical details ill.
942 ## - ADDED ENTRY ELEMENTS (KOHA)
Source of classification or shelving scheme Dewey Decimal Classification
Item type English Books
Classification part 921
Call number suffix PUR
Holdings
Withdrawn status Lost status Not for loan Collection code Home library Current library Date acquired Source of acquisition Cost, normal purchase price Full call number Barcode Copy number Cost, replacement price Koha item type
    Not For Loan Non-fiction D.B.Act.Division Bawana 13/11/2017 DBAD/PUB 100.00 921 PUR EN-104848 1 100.00 English Books

© Delhi Public Library
Hit Counter
free hit counter